000 00524nam a2200181Ia 4500
999 _c14397
_d14397
003 OSt
005 20201016132038.0
008 190216s9999||||xx |||||||||||||| ||und||
020 _a9780099173311
040 _coclc
082 _a530.0924
_bFEY/S
100 _aFeynman, Richard P
_94340
245 0 _aSurely You`Re Joking Mr. Feynman /
_cRichard P Feynman
260 _bVintage Books,
_aLondon:
_c1985.
300 _a350p
650 _aEnglish
942 _cBK
_2ddc
_h530.0924
_iFEY/S
_k530.0924
_mFEY/S